000 00561nam a2200181 a 4500
001 000006074
005 20240313133356.0
008 090826s1992 dr 001 0 spa d
040 _aDO-SdBNP
_bspa
_cBNPHU
082 _a364.152
_bM186
100 1 _aPèrez Mèndez, Artagnan,
_d1929-2017
_977104
245 1 3 _aEl homicidio /
_cArtagnan Pérez Méndez.
260 _aSanto Domingo :
_bTaller,
_c1992.
300 _a71 p. ;
_c20 cm.
504 _aBibliografía
650 4 _aAsesinato
_zRepublica Dominicana
_917101
650 4 _aHomicidio
_zRepublica Dominicana
_917102
999 _c5870
_d5870